Landmatch plc v SoS for the Environment, Suffolk CC and Forest Heath DC (Record no. 10540)

MARC details
000 -LEADER
fixed length control field 01170cab a2200229 4500
001 - CONTROL NUMBER
control field X1289
008 - FIXED-LENGTH DATA ELEMENTS--GENERAL INFORMATION
fixed length control field 090401t1994 xxu||||| |||| 00| 0 eng d
035 ## - SYSTEM CONTROL NUMBER
System control number (Sirsi) u16027
041 ## - LANGUAGE CODE
Language code of text/sound track or separate title eng
245 ## - TITLE STATEMENT
Title Landmatch plc v SoS for the Environment, Suffolk CC and Forest Heath DC
260 ## - PUBLICATION, DISTRIBUTION, ETC.
Date of publication, distribution, etc. 1994
350 ## - PRICE (NR) (BK AM CF MU VM SE) [OBSOLETE]
Price 0
490 ## - SERIES STATEMENT
Series statement Journal of Planning and Environment Law
Volume/sequential designation (1994) JPEL 161-171(11)
520 ## - SUMMARY, ETC.
Summary, etc. QBD 19 July 1993. Structure plan alteration - modification - examination in public - objections to modifications - approved by SoS - no reasons for rejecting objections - duty to give reasons - Town and Country Planning (Development Plan) Regulations 1991 s35A(7) introduced by Planning and Compensation Act 1991 - `give the authority` - effect of insertion of these words on duty to give reasons - merely a procedural requirement which does not affect the duty to give reasons - no substantial prejudice (Journal headnote)
650 ## - SUBJECT ADDED ENTRY--TOPICAL TERM
Topical term or geographic name entry element DUTY TO GIVE REASONS
650 ## - SUBJECT ADDED ENTRY--TOPICAL TERM
Topical term or geographic name entry element REASONS
650 ## - SUBJECT ADDED ENTRY--TOPICAL TERM
Topical term or geographic name entry element STRUCTURE PLANS
650 ## - SUBJECT ADDED ENTRY--TOPICAL TERM
Topical term or geographic name entry element TOWN AND COUNTRY PLANNING ACT 1990 S287
690 ## - LOCAL SUBJECT ADDED ENTRY--TOPICAL TERM (OCLC, RLIN)
Topical term or geographic name as entry element PLANNING LAW AND PRACTICE-CASE LAW
942 ## - ADDED ENTRY ELEMENTS (KOHA)
Suppress in OPAC 0
948 ## - LOCAL PROCESSING INFORMATION (OCLC); SERIES PART DESIGNATOR (RLIN)
c (OCLC) 04/03/1997
Holdings
Withdrawn status Lost status Source of classification or shelving scheme Damaged status Not for loan Home library Current library Shelving location Date acquired Total Checkouts Full call number Barcode Date last seen Copy number Price effective from Koha item type
    Dewey Decimal Classification     London London Journal article 14/09/1999   X1289 16027-1001 06/08/2019 1 06/08/2019 Law report